Problemas de circuitos eléctricos

Bibliographic Details
Main Author: Fraile Mora, Jesús
Format: Section = Libro
Language:Undetermined
Spanish
Published: Madrid, España Pearson Educación 2013
Subjects:
LEADER 00616nam a2200217Ia 4500
008 240829s9999 xx 000 0 und d
020 |a 978-84-9035-405-6 
040 |a BIBLIOTECA-RUSB/ 621.3192 F812 
041 |a spa 
082 |a 621.3192 F812 
100 1 |a Fraile Mora, Jesús 
245 1 0 |a Problemas de circuitos eléctricos 
260 |a Madrid, España  |b Pearson Educación  |c 2013 
300 |a 349 p. :il. 
650 7 |a CIRCUITOS ELECTRICOS 
650 7 |b  CIRCUITOS DE CORRIENTES ALTERNA 
650 7 |c  CIRCUITOS TRIFASICOS 
650 7 |d  INGENIERIA ELECTRICA 
942 |c BK  |2 ddc 
991 |a TEXTO 
999 |c 3126